devine le joueur de football - Statistiques

Statistiques générales
  • Ce quiz a été pris 417 fois
  • Le résultat moyen est 6 sur 11
Statistiques - réponses
Hint Réponse % Correct
8 ballons d'or et 1 coupe du monde Lionel Messi
100%
5 ballons d'or et 5 ligues des champions Cristiano ronaldo
99%
3 coupes du monde Pelé
89%
Brésil et magicien Ronaldinho
77%
Ramadan et Real Madrid Karim Benzema
74%
Défenseur gauche et coup franc Roberto Carlos
72%
Manchester City et passe décisive Kevin De Bruyne
36%
Brésil et coupe de cheveux triangle Ronaldo Nazario
36%
Brésil et super héro Hulk
24%
Géorgie et FC Metz Georges Mikautadze
12%
Ajax Amsterdam et dr0gue Quincy Promes
12%
Aucun quiz correspondant
Distribution des résultats
% des personnes avec chaque résultat
Percentile par nombre de réponses
Votre historique - résultats
Vous n’avez pas pris ce quiz